ბათუმის შოთა რუსთაველის სახელმწიფო უნივერსიტეტის ბიბლიოთეკა

Новая и новейшая история. №5. 2014. Сентябрь-октябрь (ბიბ.ჩანაწერი № 45692)

000 -LEADER
fixed length control field 00525nam a2200181Ia 4500
001 - CONTROL NUMBER
control field 12519
003 - CONTROL NUMBER IDENTIFIER
control field GE_BSU
008 - FIXED-LENGTH DATA ELEMENTS--GENERAL INFORMATION
fixed length control field 181216s||||||||xx |||||||||||||| ||und||
040 ## - CATALOGING SOURCE
Transcribing agency GE_BSU
245 ## - TITLE STATEMENT
Title Новая и новейшая история. №5. 2014. Сентябрь-октябрь
245 ## - TITLE STATEMENT
Statement of responsibility, etc. Гл.ред. Согрин В.В. и др.
260 ## - PUBLICATION, DISTRIBUTION, ETC.
Place of publication, distribution, etc. Москва
260 ## - PUBLICATION, DISTRIBUTION, ETC.
Name of publisher, distributor, etc. Наука
260 ## - PUBLICATION, DISTRIBUTION, ETC.
Date of publication, distribution, etc. 2014
300 ## - PHYSICAL DESCRIPTION
Extent 256стр.24см.
653 ## - INDEX TERM--UNCONTROLLED
Uncontrolled term Новая и новейшая история
942 ## - ADDED ENTRY ELEMENTS (KOHA)
Koha item type პერიოდიკა
ეგზემპლარები
Withdrawn status Lost status Damaged status Not for loan Date acquired Barcode Date last seen Price effective from Koha item type
        2018-12-17 р76549 2018-12-17 2018-12-17 პერიოდიკა